| 000 | 00482nam a2200181Ia 4500 | ||
|---|---|---|---|
| 001 | 4359 | ||
| 005 | 20260306145750.0 | ||
| 008 | 260306t2022||||xx |||||||||||||| ||spa|| | ||
| 041 | _aESP | ||
| 082 |
_a320.985 _bD274 |
||
| 100 |
_aDrinot, Paulo _eAUT |
||
| 245 | 0 |
_aLa condena de la libertad: _bde Túpac Amaru II al bicentenario peruano en seis ensayos y un colofón |
|
| 260 | _c2022 | ||
| 300 |
_apágs. : _ccm. |
||
| 650 | _aGEN | ||
| 654 | _aCDE | ||
| 942 |
_cLIB _dJUS _fJUS _2ddc _n |
||
| 999 |
_c4359 _d4359 |
||